000
00317nam a2200133Ia 4500
005
20251222144624.0
008
251222s9999||||xx |||||||||||||| ||spa||
020
_a
950-511-783-3
082
_a
869.26/B12
100
_a
Baccanera, Jorge
245
0
_a
La Pasión de los Poetas:
264
_b
Alfaguara
942
_c
LIB
999
_c
16050
_d
16050